Urban public transportation : planning and service operation issues.

Bibliographic Details
Format: Book
Language:English
Published: Washington, D.C. : Transportation Research Board, National Research Council, 1987.
Series:Transportation research record ; 1108.
Subjects:

MARC

Tag First Indicator Second Indicator Subfields
LEADER 00000cam a2200000 a 4500
001 in00000009342
005 20151007051527.0
008 870629s1987 dcua b f00000 eng
010 |a  87019694  
020 |a 0309044561 
035 |a (OCoLC)16356184 
035 |9 AAA3426AM 
040 |a DLC  |c DLC  |d TXA  |d UtOrBLW 
049 |a TXAM  |c [A11029056] 
050 0 0 |a TE7  |b .H5 no. 1108  |a HE4211 
082 0 |a 380.5 s  |a 388.4  |2 19 
245 0 0 |a Urban public transportation :  |b planning and service operation issues. 
264 1 |a Washington, D.C. :  |b Transportation Research Board, National Research Council,  |c 1987. 
300 |a iv, 72 pages :  |b illustrations ;  |c 28 cm. 
336 |a text  |b txt  |2 rdacontent 
337 |a unmediated  |b n  |2 rdamedia 
338 |a volume  |b nc  |2 rdacarrier 
490 1 |a Transportation research record ;  |v 1108 
504 |a Includes bibliographies. 
650 0 |a Local transit. 
650 0 |a Local transit  |x Planning. 
830 0 |a Transportation research record ;  |v 1108. 
999 |a MARS 
999 f f |s 51f92a6f-de15-3ace-88e3-74aa5bcc83f7  |i 5779471c-90ce-3cd6-ba51-ce6cb06871be  |t 0 
952 f f |p default  |a Texas A&M University  |b College Station  |c Sterling C. Evans Library  |d Evans: Microforms (3rd floor)  |t 0  |e fiche S 745 no.1108  |h Other scheme  |i unmediated -- volume 
952 f f |p ric  |a Texas A&M University  |b Rellis Campus  |c Joint Library Facility  |d Remote Storage  |t 0  |e TE7 .H5 no.1108  |h Library of Congress classification  |i unmediated -- volume  |m A14811029056 
998 f f |a TE7 .H5 no.1108  |t 0  |l Remote Storage 
998 f f |a fiche S 745 no.1108  |t 0  |l Evans: Microforms (3rd floor)